The obituary of Richard Smyth : secondary of the Poultry compter, London /

Bibliographic Details
Main Author: Smith, Richard, 1590-1675
Other Authors: Ellis, Henry, 1777-1869
Format: Book
Language:English
Series:Publications (Camden Society (Great Britain)) ; no. XLIV.
Subjects:

MARC

Tag First Indicator Second Indicator Subfields
LEADER 00000cam a2200000 4500
001 in00000307706
005 20151010093517.0
008 770920s1849 enka 00010ceng d
010 |a a 17001224  
035 |a (OCoLC)03279757 
035 |9 ABG8174AM 
040 |a Chicago. Univ. Library  |c KLG  |d TXA  |d UtOrBLW 
049 |a TXAM  |c [302294] 
090 |a DA20  |b .C17 v. 44 
100 1 |a Smith, Richard,  |d 1590-1675. 
245 1 4 |a The obituary of Richard Smyth :  |b secondary of the Poultry compter, London /  |c being a catalogue of all such persons as he knew in their life: extending from A.D. 1627 to A.D. 1674. Edited by Sir Henry Ellis. 
264 3 |a [London] :  |b Printed for the Camden Society,  |c 1849. 
300 |a xxi, 124 pages :  |b illustrations 
336 |a text  |b txt  |2 rdacontent 
337 |a unmediated  |b n  |2 rdamedia 
338 |a volume  |b nc  |2 rdacarrier 
490 1 |a Camden Society. Publications ;  |v no. XLIV 
500 |a "Printed from a transcript of the Sloane ms. in British museum, number 886."--Pref. 
651 0 |a London (England)  |v Biography. 
700 1 |a Ellis, Henry,  |d 1777-1869. 
830 0 |a Publications (Camden Society (Great Britain)) ;  |v no. XLIV. 
999 |a MARS 
999 f f |s 69775dbb-b2d2-3a34-9704-3949227eefcd  |i dbef3f19-b8b8-3b34-9dda-8f01f3b88bdd  |t 0 
952 f f |p ric  |a Texas A&M University  |b Rellis Campus  |c Joint Library Facility  |d Remote Storage  |t 0  |e DA20 .C17 v. 44  |h Library of Congress classification  |i unmediated -- volume  |m A14801906654 
998 f f |a DA20 .C17 v. 44  |t 0  |l Remote Storage